Použitie interleukínu-10 alebo jeho analógu, agonistu alebo antagonistu na výrobu farmaceutického prostriedku. A61K 38/20 patentový dokument

Bibliographic Details
Main Author: Wall Malefyt De, Rene (Author)
Format: Book
Language:Undetermined
Published: Banská Bystrica Úrad priemyselného vlastníctva SR 2003
Subjects:

MARC

LEADER 00000nam a2200000 a 4500
001 vtls001463303
003 SK-MaSNL
005 20260301014230.0
008 240314s2003 xo 0 und
035 |a SNK000418609 
040 |a SNK  |b slo  |c SNK  |e AACR2 
044 |a xo  |c SK 
100 1 |a Wall Malefyt De, Rene  |4 aut  |9 302172 
245 1 0 |a Použitie interleukínu-10 alebo jeho analógu, agonistu alebo antagonistu na výrobu farmaceutického prostriedku. A61K 38/20  |b patentový dokument 
260 |a Banská Bystrica  |b Úrad priemyselného vlastníctva SR  |c 2003 
655 7 |a patentové spisy  |2 SNK  |9 63387 
999 |c 558113  |d 560043 
952 |t P60, <03>, [BOOK], {603}  |a SNK  |b SNK  |y PREZ  |7 0  |p 17A0395440  |o snkSK 282947  |i snkPS 686/2003  |0 0  |1 0  |4 0  |d 2003-11-18  |l 0  |r 2005-01-02 00:00:00  |w 2026-02-23